Statistics for 上海街道/镇名 Towns/sub-districts of Shanghai

Click here to take the quiz!

General Stats

  • This quiz has been taken 7 times
  • The average score is 97 of 215

Answer Stats

HintAnswer% Correct
松江区九亭镇
100%
闵行区七宝镇
100%
松江区佘山镇
100%
黄浦区南京东路街道
86%
徐汇区徐家汇街道
86%
虹口区四川北路街道
86%
杨浦区五角场街道
86%
闵行区莘庄镇
86%
黄浦区外滩街道
86%
浦东新区陆家嘴街道
86%
浦东新区北蔡镇
86%
徐汇区龙华街道
86%
浦东新区张江镇
86%
松江区泗泾镇
86%
青浦区徐泾镇
86%
黄浦区老西门街道
86%
静安区彭浦镇
71%
浦东新区洋泾街道
71%
浦东新区花木街道
71%
静安区宝山路街道
71%
静安区静安寺街道
71%
静安区南京西路街道
71%
宝山区大场镇
71%
闵行区浦江镇
71%
浦东新区三林镇
71%
长宁区虹桥街道
71%
浦东新区周浦镇
71%
黄浦区打浦桥街道
71%
徐汇区漕河泾街道
71%
徐汇区斜土路街道
71%
闵行区虹桥镇
71%
松江区新桥镇
71%
闵行区颛桥镇
71%
浦东新区祝桥镇
71%
宝山区罗店镇
57%
闵行区吴泾镇
57%
青浦区朱家角镇
57%
宝山区顾村镇
57%
嘉定区真新街道
57%
嘉定区南翔镇
57%
闵行区华漕镇
57%
闵行区江川路街道
57%
崇明区长兴镇
57%
闵行区梅陇镇
57%
浦东新区高桥镇
57%
松江区新浜镇
57%
浦东新区大团镇
57%
金山区廊下镇
57%
金山区枫泾镇
57%
金山区石化街道
57%
浦东新区南汇新城镇
57%
浦东新区书院镇
57%
浦东新区泥城镇
57%
浦东新区航头镇
57%
浦东新区新场镇
57%
浦东新区潍坊新村街道
57%
浦东新区惠南镇
57%
杨浦区四平路街道
57%
浦东新区金桥镇
57%
浦东新区曹路镇
57%
松江区洞泾镇
57%
松江区广富林街道
57%
浦东新区川沙新镇
57%
杨浦区控江路街道
57%
崇明区横沙乡
57%
普陀区长寿路街道
57%
静安区石门二路街道
57%
静安区彭浦新村街道
57%
徐汇区枫林路街道
57%
虹口区嘉兴路街道
57%
徐汇区华泾镇
57%
长宁区江苏路街道
57%
黄浦区淮海中路街道
57%
长宁区天山路街道
57%
静安区北站街道
57%
徐汇区长桥街道
57%
虹口区北外滩街道
57%
虹口区江湾镇街道
57%
长宁区北新泾街道
57%
黄浦区豫园街道
57%
金山区漕泾镇
43%
松江区中山街道
43%
松江区方松街道
43%
松江区永丰街道
43%
松江区岳阳街道
43%
金山区山阳镇
43%
徐汇区虹梅路街道
43%
金山区金山卫镇
43%
徐汇区田林街道
43%
金山区亭林镇
43%
金山区张堰镇
43%
金山区朱泾镇
43%
徐汇区康健新村街道
43%
徐汇区凌云路街道
43%
浦东新区老港镇
43%
长宁区华阳路街道
43%
浦东新区康桥镇
43%
长宁区仙霞新村街道
43%
松江区九里亭街道
43%
杨浦区定海路街道
43%
徐汇区湖南路街道
43%
奉贤区西渡街道
43%
黄浦区半淞园路街道
43%
崇明区陈家镇
43%
崇明区中兴镇
43%
崇明区堡镇
43%
奉贤区海湾镇
43%
奉贤区青村镇
43%
奉贤区四团镇
43%
奉贤区金汇镇
43%
奉贤区庄行镇
43%
奉贤区奉城镇
43%
奉贤区南桥镇
43%
青浦区白鹤镇
43%
松江区车墩镇
43%
青浦区重固镇
43%
青浦区华新镇
43%
黄浦区小东门街道
43%
青浦区赵巷镇
43%
青浦区金泽镇
43%
青浦区练塘镇
43%
松江区小昆山镇
43%
松江区叶榭镇
43%
黄浦区五里桥街道
43%
松江区石湖荡镇
43%
松江区泖港镇
43%
徐汇区天平路街道
43%
长宁区新泾镇
43%
长宁区新华路街道
43%
浦东新区唐镇
43%
宝山区吴淞街道
43%
静安区芷江西路街道
43%
嘉定区安亭镇
43%
嘉定区嘉定镇街道
43%
普陀区长风新村街道
43%
宝山区高境镇
43%
宝山区淞南镇
43%
宝山区杨行镇
43%
宝山区罗泾镇
43%
宝山区庙行镇
43%
闵行区马桥镇
43%
嘉定区外冈镇
43%
普陀区桃浦镇
43%
虹口区曲阳路街道
43%
虹口区广中路街道
43%
闵行区浦锦街道
43%
闵行区新虹街道
43%
闵行区古美路街道
43%
杨浦区新江湾城街道
43%
杨浦区大桥街道
43%
杨浦区延吉新村街道
43%
杨浦区长白新村街道
43%
嘉定区徐行镇
43%
宝山区友谊路街道
43%
嘉定区马陆镇
43%
静安区天目西路街道
43%
静安区临汾路街道
43%
浦东新区东明路街道
43%
浦东新区塘桥街道
43%
浦东新区上钢新村街道
43%
浦东新区合庆镇
43%
静安区共和新路街道
43%
静安区曹家渡街道
43%
普陀区真如镇街道
29%
杨浦区平凉路街道
29%
虹口区凉城新村街道
29%
长宁区程家桥街道
29%
普陀区宜川路街道
29%
崇明区向化镇
29%
浦东新区高东镇
29%
崇明区东平镇
29%
普陀区万里街道
29%
金山区吕巷镇
29%
浦东新区周家渡街道
29%
静安区江宁路街道
29%
浦东新区宣桥镇
29%
宝山区张庙街道
14%
崇明区城桥镇
14%
杨浦区殷行街道
14%
崇明区新河镇
14%
崇明区庙镇
14%
崇明区竖新镇
14%
崇明区三星镇
14%
崇明区港沿镇
14%
崇明区绿华镇
14%
静安区大宁路街道
14%
崇明区港西镇
14%
崇明区建设镇
14%
崇明区新海镇
14%
嘉定区江桥镇
14%
杨浦区江浦路街道
14%
崇明区新村乡
14%
奉贤区柘林镇
14%
浦东新区南码头路街道
14%
浦东新区沪东新村街道
14%
嘉定区徐亭镇
14%
青浦区夏阳街道
14%
青浦区盈浦街道
14%
青浦区香花桥街道
14%
浦东新区浦兴路街道
14%
普陀区石泉路街道
14%
普陀区长征镇
14%
普陀区甘泉路街道
14%
黄浦区瑞金二路街道
14%
杨浦区长海路街道
14%
奉贤区奉浦街道
14%
奉贤区金海街道
14%
浦东新区金杨新村街道
14%
浦东新区万祥镇
14%
宝山区月浦镇
14%
长宁区周家桥街道
0%
浦东新区高行镇
0%
普陀区曹阳新村街道
0%
嘉定区新成路街道
0%
虹口区欧阳路街道
0%

Score Distribution

Percentile by Number Answered

Percent of People with Each Score

Your Score History

You have not taken this quiz